Les coéquipiers de Lionel Messi à Barcelone - Statistiques

Statistiques générales
  • Ce quiz a été pris 462 fois
  • Le résultat moyen est 47 sur 135
Statistiques - réponses
Saisons Nationalité Joueur Nombre de matchs Poste % Correct
2004-2018 Espagne Andrés Iniesta 489 M
98%
2004-2015 Espagne Xavi 399 M
98%
2014-2020 Uruguay Luis Suárez 258 A
97%
2016-2019 Espagne Denis Suárez 58 M
96%
2013-2017 Brésil Neymar 161 A
96%
2008-2021 Espagne Gerard Piqué 506 D
95%
2014-2021 Allemagne Marc-André ter Stegen 250 G
91%
2008-2021 Espagne Sergio Busquets 567 M
90%
2008-2016 Brésil Dani Alves 349 D
89%
2014-2020 Croatie Ivan Rakitic 277 M
89%
2012-2021 Espagne Jordi Alba 345 D
89%
2004-2014 Espagne Carles Puyol 269 D
86%
2004-2014 Espagne Víctor Valdés 353 G
85%
2004-2009 Cameroun Samuel Eto'o 105 A
84%
2019-2021 France Antoine Griezmann 85 A
80%
2010-2018 Argentine Javier Mascherano 298 M/D
80%
2004-2008 Brésil Ronaldinho 80 A
80%
2010-2013 Espagne David Villa 102 A
79%
2017-2021 France Ousmane Dembélé 95 A
78%
2008-2015 Espagne Pedro 270 A
76%
2019-2021 Pays-Bas Frenkie de Jong 80 M
75%
2016-2021 France Samuel Umtiti 124 D
75%
2007-2010 France Thierry Henry 89 A
75%
2011-2014 Chili Alexis Sánchez 117 A
72%
2018-2020 Chili Arturo Vidal 81 M
70%
2015-2018 Espagne Aleix Vidal 43 M/D
69%
2020-2021 Espagne Pedri 47 M
69%
2008-2009 Espagne Víctor Sánchez 6 M
69%
2007-2012 France Éric Abidal 159 D
67%
2009-2010 Suède Zlatan Ibrahimović 42 A
66%
2014-2017 France Jérémy Mathieu 77 D
64%
2010-2021 Espagne Sergi Roberto 245 D/M
64%
2007-2010 Côte d'Ivoire Yaya Touré 92 M
64%
2018-2021 France Clément Lenglet 113 D
63%
2019-2021 Uruguay Ronald Araujo 33 D
60%
2014-2017 Chili Claudio Bravo 69 G
56%
2007-2020 Portugal Nélson Semedo 108 D
54%
2004-2008 Portugal Deco 79 M
52%
2008-2012 Mali Seydou Keita 161 M
50%
2020-2021 Bosnie-Herzégovine Miralem Pjanic 24 M
48%
2020-2021 Etats-Unis Sergiño Dest 37 D
48%
2015-2017 Turquie Arda Turan 46 A
47%
2016-2018 France Lucas Digne 38 D
47%
2017-2019, 2020-2021 Brésil Philippe Coutinho 74 M
47%
2004-2010 Mexique Rafa Márquez 125 D
46%
2018-2020 Brésil Arthur Melo 60 M
45%
2011-2014 Espagne Cesc Fàbregas 123 M
45%
2009-2013 Espagne Thiago Alcántara 78 M
42%
2014-2019 Brésil Rafinha 70 M
41%
2012-2014 Cameroun Alex Song 43 M
38%
2016-2018 Portugal André Gomes 68 M
38%
2019-2021 Espagne Ansu Fati 35 A
38%
2019-2021 Danemark Martin Braithwaite 44 A
38%
2017-2018 Brésil Paulinho 47 M
38%
2007-2011 Espagne Bojan Krkic 109 A
36%
2015-2016, 2017-2019 Belgique Thomas Vermaelen 42 D
36%
2007-2014 Espagne José Manuel Pinto 64 G
33%
2004-2007 France Ludovic Giuly 26 A
33%
2014-2017, 2018-2019 Maroc Munir El Haddadi 31 A
33%
2010-2016 Brésil Adriano 161 D
32%
2016-2019 Pays-Bas Jasper Cillessen 22 G
30%
2006-2008 France Lilian Thuram 39 D
29%
2009-2012 Brésil Maxwell 77 D
29%
2020-2021 Portugal Trincão 34 A
28%
2017-2018 Colombie Yerry Mina 5 D
28%
2019-2021 Espagne Riqui Puig 26 M
26%
2019-2020 France Jean-Clair Todibo 1 D
24%
2004-2006 Suède Henrik Larsson 9 A
23%
2018-2019 Brésil Malcom 17 A
22%
2016-2018 Espagne Paco Alcácer 39 A
22%
2006-2008 Italie Gianluca Zambrotta 59 D
21%
2007-2008 Mexique Giovani dos Santos 15 A
21%
2009-2014 Mexique Jonathan dos Santos 13 M
21%
2009-2016 Espagne Marc Bartra 74 D
21%
2019-2021 Brésil Neto 12 G
21%
2004-2007 Italie Thiago Motta 23 M
21%
2010-2012, 2013-2014 Pays-Bas Ibrahim Afellay 31 M
20%
2020-2021 Espagne Óscar Mingueza 32 D
19%
2011-2014 Espagne Cristian Tello 63 A
17%
2020-2021 Guinée Ilaix Moriba 16 M
17%
2018-2019 Ghana Kevin-Prince Boateng 1 M
17%
2008-2009 Biélorussie Aleksandr Hleb 22 M
15%
2006-2009 Islande Eidur Gudjohnsen 67 A
15%
2019-2021 République Dominicaine Junior Firpo 30 D
15%
2007-2011 Argentine Gabriel Milito 60 D
14%
2011-2013, 2017-2018 Espagne Gerard Deulofeu 17 A
14%
2005-2006 Pays-Bas Mark van Bommel 14 M
14%
2010-2015 Espagne Martín Montoya 45 D
14%
2004-2007 Pays-Bas Giovanni van Bronckhorst 43 D
13%
2008-2009 Uruguay Martín Cáceres 17 D
13%
2004-2009 Brésil Sylvinho 62 D
13%
2009-2011 Vénézuéla Jeffrén 18 A
12%
2004-2007 Brésil Juliano Belletti 27 D
12%
2018-2020 Sénégal Moussa Wagué 3 D
12%
2010-2011 Espagne Sergi Gómez 1 D
12%
2011-2012 Espagne Isaac Cuenca 27 A
11%
2005-2008 Brésil Edmílson 46 M
10%
2006-2007 Argentine Javier Saviola 7 A
10%
2016-2021 Espagne Carles Aleñá 28 M
9%
2018-2019 Colombie Jeison Murillo 1 D
9%
2005-2006 Argentine Maxi López 2 A
9%
2004-2005 Espagne Rubén Martínez 2 G
9%
2018-2020 Espagne Carles Pérez 5 A
8%
2004-2008 Espagne Oleguer 61 D
8%
2010-2011 Espagne Oriol Romeu 1 M
8%
2014-2017 Espagne Sergi Samper 6 M
8%
2004-2005 Espagne Rodri 2 D
7%
2014-2015 Brésil Douglas 2 D
6%
2014-2015 Espagne Jordi Masip 1 G
6%
2014-2016 Espagne Sandro Ramírez 17 A
6%
2018-2019 Espagne Abel Ruiz 1 A
4%
2009-2012 Espagne Andreu Fontàs 8 D
4%
2018-2019 Espagne Juan Miranda 1 D
4%
2010-2011 Espagne Nolito 3 A
4%
2007-2011 Espagne Víctor Vázquez 2 M
4%
2019-2020 Espagne Álex Collado 1 A
3%
2009-2010 Ukraine Dmytro Chygrynskyi 13 D
3%
2015-2016 Espagne Gerard Gumbau 2 M
3%
2011-2012 Espagne Marc Muniesa 2 D
3%
2015-2016 Cameroun Wilfrid Kaptoum 1 M
3%
2005-2007 Espagne Albert Jorquera 5 G
2%
2013-2014 Cameroun Jean Marie Dongou 1 A
2%
2017-2018 Espagne José Manuel Arnáiz 1 A
2%
2015-2016 Espagne Juan Cámara 1 M
2%
2016-2017 Brésil Marlon 3 D
2%
2007-2008 Espagne Fali 1 D
1%
2004-2005 Espagne Fernando Navarro 4 D
1%
2005-2006 Espagne Gabri 6 M
1%
2004-2005 Espagne Javito 1 A
1%
2004-2005 Espagne Joan Verdú 1 M
1%
2007-2008 Espagne José Manuel Rueda 1 M
1%
2016-2017 Espagne Marc Cardona 1 A
1%
2019-2020 Espagne Monchu 1 M
1%
2010-2011 Espagne Rubén Miño 1 G
1%
2005-2008 Espagne Santiago Ezquerro 5 A
1%
Aucun quiz correspondant
Distribution des résultats
% des personnes avec chaque résultat
Percentile par nombre de réponses
Votre historique - résultats
Vous n’avez pas pris ce quiz